000 01343nam0a22003611 4500
001 RU\NLR\bibl\1499506
005 20250616015525.0
010 _a978-5-91678-037-6
_93000
021 _aRU
_b2010-16791
_91122
035 _a(nilc)RSL-KNO-004593610
035 _a(NLR Aleph) 001490973
090 _a1763219
_c1763219
100 _a20100312d2010 |||y0rusy50 ca
101 1 _arus
_cswe
102 _aRU
105 _aa zzzz|||||
200 1 _aВ сердце Азии
_eПамир - Тибет - Восточный Туркестан
_eпутешествие в 1893-1897 годах
_fСвен Гедин
_g[пер. со швед. А. и П. Ганзен]
210 _aМосква
_cЛомоносовъ
_d2010
215 _a524, [2] с.
_cил., портр.
_d22
225 1 _aИстория. География. Этнография
607 _aСредняя Азия
_xОписание и путешествия
_z19 в.
_91685651
_3RU\NLR\auth\661047447
686 _aД890(543)02
686 _aТ3(544)5,013
700 1 _aГедин
_bС.
_f1865-1952
_gСвен
_4070
801 0 _aRU
_bРГБ
_c20100312
_grcr
801 1 _aRU
_bРГБ
_c20100312
801 2 _aRU
_bNLR
_c20100415
_grcr
852 _aNLR
_bОЛСАА-сл-спр
_j3-5248
942 _cBOOK
980 _aNB
980 1 _aSL_SPR